The role of relatives in French home care assistance plans (notice n° 1724551)
[ vue normale ]
| 000 -LEADER | |
|---|---|
| fixed length control field | 01593cam a2200265 4500500 |
| 005 - DATE AND TIME OF LATEST TRANSACTION | |
| control field | 20260322002550.0 |
| 041 ## - LANGUAGE CODE | |
| Language code of text/sound track or separate title | fre |
| 042 ## - AUTHENTICATION CODE | |
| Authentication code | dc |
| 100 10 - MAIN ENTRY--PERSONAL NAME | |
| Personal name | Dussuet, Annie |
| Relator term | author |
| 245 00 - TITLE STATEMENT | |
| Title | The role of relatives in French home care assistance plans |
| 260 ## - PUBLICATION, DISTRIBUTION, ETC. | |
| Date of publication, distribution, etc. | 2023.<br/> |
| 500 ## - GENERAL NOTE | |
| General note | 96 |
| 520 ## - SUMMARY, ETC. | |
| Summary, etc. | The French Federative Association of Psychiatry Students (AFFEP) formed a new associative board in October 2021. Various missions accompany this renewal, including the reform and construction of the psychiatry internship model, the continuation of the “Choisir psychiatrie” survey, the maintenance of our role as the national point of reference for psychiatry interns, commitment to our magazine Psy Déchaîné, and the creation of attractive digital content. This roadmap also reaffirms the values that we defend through these missions: federation, cooperation, representation, and diversity. Finally, the AFFEP will unveil this new team and enthusiastically invite you to join our organization. |
| 690 ## - LOCAL SUBJECT ADDED ENTRY--TOPICAL TERM (OCLC, RLIN) | |
| Topical term or geographic name as entry element | aide à domicile |
| 690 ## - LOCAL SUBJECT ADDED ENTRY--TOPICAL TERM (OCLC, RLIN) | |
| Topical term or geographic name as entry element | aide formelle |
| 690 ## - LOCAL SUBJECT ADDED ENTRY--TOPICAL TERM (OCLC, RLIN) | |
| Topical term or geographic name as entry element | aide informelle |
| 690 ## - LOCAL SUBJECT ADDED ENTRY--TOPICAL TERM (OCLC, RLIN) | |
| Topical term or geographic name as entry element | allocation personnalisée pour l’autonomie (Apa) |
| 690 ## - LOCAL SUBJECT ADDED ENTRY--TOPICAL TERM (OCLC, RLIN) | |
| Topical term or geographic name as entry element | care |
| 690 ## - LOCAL SUBJECT ADDED ENTRY--TOPICAL TERM (OCLC, RLIN) | |
| Topical term or geographic name as entry element | inégalités entre les sexes |
| 690 ## - LOCAL SUBJECT ADDED ENTRY--TOPICAL TERM (OCLC, RLIN) | |
| Topical term or geographic name as entry element | perte d’autonomie des personnes âgées |
| 690 ## - LOCAL SUBJECT ADDED ENTRY--TOPICAL TERM (OCLC, RLIN) | |
| Topical term or geographic name as entry element | politiques publiques du vieillissement |
| 700 10 - ADDED ENTRY--PERSONAL NAME | |
| Personal name | Ledoux, Clémence |
| Relator term | author |
| 786 0# - DATA SOURCE ENTRY | |
| Note | Informations sociales | o 208 | 4 | 2023-05-03 | p. 100-108 | 0046-9459 |
| 856 41 - ELECTRONIC LOCATION AND ACCESS | |
| Uniform Resource Identifier | <a href="https://shs.cairn.info/journal-informations-sociales-2022-4-page-100?lang=en&redirect-ssocas=7080">https://shs.cairn.info/journal-informations-sociales-2022-4-page-100?lang=en&redirect-ssocas=7080</a> |
Pas d'exemplaire disponible.




Réseaux sociaux